[Event "18th Aeroflot Open-A 2020"]
[Site "Moscow"]
[Date "2020.02.22"]
[Round "4.18"]
[White "Pranesh M"]
[Black "Svane, Rasmus"]
[Result "1/2-1/2"]
[WhiteElo "2425"]
[BlackElo "2608"]
[Annotator "TA"]
[PlyCount "66"]
[EventDate "2020.02.19"]
[EventType "swiss"]
[EventCountry "RUS"]
[SourceTitle "playchess.com"]
[Source "ChessBase"]
[SourceQuality "1"]

{[%evp 29,66,45,47,39,33,34,36,51,52,60,75,56,48,0,8,-29,-35,-31,-22,-51,-27,-28,0,-11,14,13,6,16,27,25,17,21,58,61,55,73,95,0,14]} 1. e4 e5 2. Nf3 Nc6 3. Bb5 a6 4. Ba4 Nf6 5. O-O Be7 6. Re1 b5 7. Bb3 O-O 8. c3 d5 9. exd5 Nxd5 10. Nxe5 Nxe5 11. Rxe5 c6 12. d3 Bd6 13. Re1 Qh4 14. g3 Qh3 15. Re4 Nf6 {is cutting edge theory.} 16. Rh4 {C89: Closed Ruy Lopez: Marshall Attack.} Qf5 17. Nd2 Ng4 18. f3 {White is slightly better.} Ne3 19. Qe2 Nd5 $1 20. c4 Nc7 21. d4 Qg6 {[#]} 22. Nf1 $146 ({Predecessor:} 22. Qe4 Be6 23. Qxg6 hxg6 24. c5 Be7 25. Re4 Rfd8 26. Bxe6 Nxe6 27. Nb3 a5 28. a4 Bf6 29. axb5 cxb5 30. Rxa5 Rxa5 31. Nxa5 Bxd4+ 32. Be3 Bxe3+ {½-½ (32) Smeets,J (2593)-Hebden,M (2520) Liverpool 2008}) 22... Re8 23. Re4 Bf5 {[%mdl 1024] Black has compensation.} 24. Re3 Ne6 {...Bf4 is the strong threat.} 25. Qf2 Be7 26. Re1 Bb4 27. Bd2 Bxd2 28. Nxd2 Nf4 29. Rxe8+ Rxe8 30. Re1 {[%cal Re1e8] [#]} Rf8 {Threatens to win with ...Nh3+.} 31. Qe3 Nd3 32. Rb1 $1 Nc5 33. Re1 (33. Ra1 $16 Nd3 34. Rb1) 33... Nd3 {Accuracy: White = 70%, Black = 92%.} 1/2-1/2

[Event "18th Aeroflot Open-A 2020"]
[Site "Moscow"]
[Date "2020.02.22"]
[Round "4.19"]
[White "Yilmaz, Mustafa"]
[Black "Sindarov, Javokhir"]
[Result "1-0"]
[WhiteElo "2607"]
[BlackElo "2537"]
[Annotator "TA"]
[PlyCount "71"]
[EventDate "2020.02.19"]
[EventType "swiss"]
[EventCountry "RUS"]
[SourceTitle "playchess.com"]
[Source "ChessBase"]
[SourceQuality "1"]

{[%evp 18,71,52,50,67,62,76,79,91,70,92,95,121,86,115,97,145,134,125,121,130,135,134,118,167,148,148,150,113,110,124,128,128,138,124,131,126,130,233,226,228,228,252,250,253,228,849,590,563,535,29993,29994,29994,29995,29995,29996]} 1. Nf3 Nf6 2. c4 g6 3. Nc3 c5 4. d4 Bg7 5. e4 d6 6. Be2 O-O 7. O-O Bg4 8. d5 Nbd7 9. h3 Bxf3 10. Bxf3 Ne8 {E91: King's Indian: Classical: 6 Be2, unusual replies including 6...c5 and 6...Bg4.} 11. Bg5 $5 {[%mdl 4] A promising side line.} Nc7 12. Be2 a6 {White is better.} 13. Qd2 Re8 14. a4 Qb8 {[#]} 15. Rae1 $146 ({Predecessor:} 15. Bf4 Qa7 16. Bg3 Rad8 17. f4 e6 18. Bh4 Bd4+ 19. Kh1 f6 20. dxe6 Nxe6 21. Nd5 {1-0 (30) Ageichenko,G (2282)-Gorbatov,A (2369) Moscow 2014}) 15... e6 16. Bf4 Ne5 17. Bg3 $1 exd5 18. cxd5 (18. exd5 f5 $14) 18... b5 19. f4 $1 {[%cal Rf4e5]} Nd7 20. e5 $1 {[%cal Re5d6]} c4 {[%cal Rd6e5]} 21. Ne4 (21. exd6 Qb6+ 22. Bf2 Qxd6 $11) 21... dxe5 {[#]} 22. f5 $1 {Hoping for d6.} Rd8 {Black wants to play ...Ne8.} 23. Kh1 Ne8 {[#]} 24. d6 $1 $36 {[%mdl 2048] Black is under strong pressure.} Ra7 25. fxg6 hxg6 26. Bh4 (26. Qd5 $2 Nb6 $19) 26... f5 27. axb5 fxe4 (27... axb5 $16 28. Bxd8 Qxd8) 28. Bxc4+ Kh7 29. Bxd8 ({Stronger than} 29. bxa6 Nxd6 30. Bxd8 Nxc4 $11) 29... Qxd8 30. Rf7 {aiming for Re7.} ({Weaker is} 30. bxa6 Nb6 $16) 30... axb5 31. Be6 {And now Qf2 would win.} Qb6 $2 (31... Qh4 32. Ref1 (32. Rxd7 Rxd7 33. Bxd7 Nxd6 $18) 32... Ra6) 32. Rxe4 {Rh4+ would kill now.} ({Less strong is} 32. Rxd7 Rxd7 33. Bxd7 Nxd6 $16) (32. Bxd7 Nxd6 33. Re7 Nf5 $14) 32... Ra1+ 33. Kh2 {Intending Rh4+ and mate.} Nef6 34. Rh4+ {White mates.} Nh5 {[#]} 35. Rxh5+ $1 {[%mdl 512]} gxh5 {[#]} 36. Rxg7+ $1 {[%mdl 512] Accuracy: White = 87%, Black = 55%.} 1-0

[Event "18th Aeroflot Open-A 2020"]
[Site "Moscow"]
[Date "2020.02.22"]
[Round "4.20"]
[White "Zanan, Evgeny"]
[Black "Karthikeyan, Murali"]
[Result "1/2-1/2"]
[WhiteElo "2500"]
[BlackElo "2602"]
[Annotator "TA"]
[PlyCount "47"]
[EventDate "2020.02.19"]
[EventType "swiss"]
[EventCountry "RUS"]
[SourceTitle "playchess.com"]
[Source "ChessBase"]
[SourceQuality "1"]

{[%evp 27,47,0,0,0,0,0,0,0,0,0,0,0,0,0,50,0,0,0,0,0,0,0]} 1. e4 c5 2. Nf3 Nc6 3. d4 cxd4 4. Nxd4 Nf6 5. Nc3 d6 6. Bg5 Bd7 7. Qd2 a6 8. O-O-O e6 9. f4 b5 10. Nxc6 Bxc6 11. Bd3 Be7 12. e5 dxe5 13. fxe5 Nd7 14. Bxe7 Qxe7 15. Be4 {B67: Sicilian: Richter-Rauzer: 7...a6 8 0-0-0 Bd7, lines without 9 f4 Be7.} Nxe5 16. Qf4 Bxe4 $1 17. Qxe5 Bg6 18. Qxg7 Qg5+ 19. Rd2 Ke7 $1 {[#] And now ...Rhd8 would win.} 20. h4 Qe3 {[#]} 21. Rf1 $146 {Hoping for Qf6+.} (21. Nd1 $5 {[%cal Rd1e3]} Qf4 {[#]} 22. g3 $1 $11 {[%mdl 512]}) ({Predecessor:} 21. Rh3 Qg1+ 22. Rd1 {1-0 (22) Solak,D (2552)-Ivanisevic,I (2550) Petrovac 2004}) 21... Rhd8 $1 {The position is equal.} 22. Qf6+ Ke8 23. Qh8+ Ke7 24. Qf6+ {An uneventful encounter. Accuracy: White = 89%, Black = 100%.} 1/2-1/2

[Event "18th Aeroflot Open-A 2020"]
[Site "Moscow"]
[Date "2020.02.22"]
[Round "4.21"]
[White "Ivic, Velimir"]
[Black "Maghsoodloo, Parham"]
[Result "1/2-1/2"]
[WhiteElo "2558"]
[BlackElo "2674"]
[Annotator "TA"]
[PlyCount "83"]
[EventDate "2020.02.19"]
[EventType "swiss"]
[EventCountry "RUS"]
[SourceTitle "playchess.com"]
[Source "ChessBase"]
[SourceQuality "1"]

{[%evp 9,83,19,35,37,43,33,47,46,26,31,60,60,60,66,65,65,65,65,65,65,75,80,75,75,71,77,64,46,87,85,88,85,88,83,140,146,179,161,183,190,181,180,226,216,267,255,261,245,212,212,196,191,177,157,164,150,210,210,172,51,60,32,38,16,134,32,32,25,25,32,32,51,59,0,0,0]} 1. e4 e5 2. Nf3 Nc6 3. Bb5 a6 4. Ba4 Nge7 5. Nc3 d6 6. O-O {C70: Ruy Lopez: 3...a6 4 Ba4, Norwegian and Delayed Schliemann.} Bd7 7. Re1 g6 8. d4 {White is slightly better.} Bg7 {[%cal Re5d4]} 9. dxe5 {[#]} dxe5 $146 ({Predecessor:} 9... Nxe5 10. Bxd7+ Qxd7 11. Nxe5 Bxe5 12. Bh6 Ng8 13. Bg5 h6 14. Bh4 Ne7 15. Bxe7 Bxc3 16. bxc3 Qxe7 {0-1 (57) Hovhannisyan,R (2560)-Getz,N (2333) Aix les Bains 2011}) 10. Nd5 {Strongly threatening Bg5.} O-O 11. Bg5 f6 12. Be3 Re8 13. c4 Nxd5 14. cxd5 Na5 15. Bxd7 Qxd7 16. Qc2 {[#] b4 is the strong threat.} b5 17. Nd2 Bf8 18. Rac1 Rec8 19. Qc3 Nb7 20. f4 Bd6 21. fxe5 fxe5 (21... Bxe5 $142 22. Bd4 Bxd4+ 23. Qxd4 c6) 22. Nf3 $16 Re8 23. h3 Nd8 24. Nh2 h5 25. Rf1 Nf7 26. Rf6 Nh8 27. Nf3 Qg7 28. Re6 Nf7 29. Rxe8+ Rxe8 30. Qc6 Rb8 31. h4 Qf8 32. Qxa6 Ra8 (32... Qc8 $16 33. Qxc8+ Rxc8) 33. Qxb5 $18 Rxa2 34. Qd7 ({Better is} 34. Rf1 $18 {Threatens to win with Ng5.} Qc8 35. Ng5 Nxg5 36. Bxg5) 34... Rxb2 $14 35. Qe6 Kg7 $1 36. Rf1 {Black must now prevent Nxe5!} Qe7 (36... Rb4 $1 $11 {remains equal.}) 37. Qxe7 (37. Nd4 $1 $16) 37... Bxe7 {[#]} 38. Nxe5 $1 {[%mdl 576] Remove Defender, Decoy} Nxe5 39. Bd4 $1 {[%csl LRb2,LRe5][%mdl 64] Double Attack} Rb4 $1 {[%cal Rb4d4]} 40. Bxe5+ Kg8 $1 41. Bxc7 (41. Rf4 $14 Bd6 42. Bxd6 cxd6 43. Kf2) 41... Rxe4 $11 42. g3 {Blacks defense is rewarded with a draw. Accuracy: White = 81%, Black = 75%.} 1/2-1/2

[Event "18th Aeroflot Open-A 2020"]
[Site "Moscow"]
[Date "2020.02.22"]
[Round "4.22"]
[White "Kunin, Vitaly"]
[Black "Kovalev, Vladislav"]
[Result "1/2-1/2"]
[WhiteElo "2550"]
[BlackElo "2650"]
[Annotator "TA"]
[PlyCount "48"]
[EventDate "2020.02.19"]
[EventType "swiss"]
[EventCountry "RUS"]
[SourceTitle "playchess.com"]
[Source "ChessBase"]
[SourceQuality "1"]

{[%evp 21,23,11,19,0]} 1. d4 Nf6 2. c4 e6 3. Nf3 d5 4. Nc3 Be7 5. Bg5 h6 6. Bh4 O-O 7. e3 Ne4 8. Bxe7 Qxe7 9. Rc1 c6 10. Bd3 Nxc3 11. Rxc3 Nd7 12. O-O {[#] Not much happened in this game. D56: Queen's Gambit Declined: Lasker Defence.} {Predecessor:} dxc4 $146 13. Bxc4 e5 14. Qc2 Re8 15. Rd1 exd4 16. Nxd4 Ne5 17. Bb3 Bg4 18. f3 Bh5 19. e4 Rad8 20. Qf2 Qb4 21. Rcc1 a5 22. Nf5 Bg6 23. Rxd8 Rxd8 24. Qc5 Rd1+ {0-1 (24) Nihal,S (2598)-Sevian,S (2666) chess.com INT 2019} 1/2-1/2

[Event "18th Aeroflot Open-A 2020"]
[Site "Moscow"]
[Date "2020.02.22"]
[Round "4.23"]
[White "Jumabayev, Rinat"]
[Black "Chanda, Sandipan"]
[Result "1-0"]
[WhiteElo "2646"]
[BlackElo "2552"]
[Annotator "TA"]
[PlyCount "58"]
[EventDate "2020.02.19"]
[EventType "swiss"]
[EventCountry "RUS"]
[SourceTitle "playchess.com"]
[Source "ChessBase"]
[SourceQuality "1"]

{[%evp 9,58,26,38,37,23,14,17,10,19,17,19,5,33,0,0,-25,-37,-27,82,69,64,68,98,116,109,107,94,104,117,129,145,148,414,424,417,417,405,418,547,547,542,536,557,560,709,662,1109,804,29989,29990,29995]} 1. Nf3 f5 2. c4 Nf6 3. Nc3 e6 4. d3 Nc6 5. g3 {[#]} d6 $146 ({Predecessor:} 5... e5 6. Bg2 Bc5 7. e3 a6 8. O-O d6 9. d4 exd4 10. Nxd4 Nxd4 11. exd4 Ba7 12. Re1+ {1-0 (38) Blaschke,M (1479)-Teslin,S Regensburg 2004}) 6. Bg2 {A10: English Opening: Unusual Replies for Black.} g6 7. Rb1 Bg7 8. b4 {[%cal Bb2b4,Bb4b5,Bb5b6][%mdl 32] The position is equal.} Qe7 9. O-O O-O 10. b5 Nd8 11. Ba3 e5 12. Nd5 Nxd5 13. cxd5 a6 (13... b6 $11) 14. b6 $36 {[%mdl 2048] White has some pressure.} c5 15. dxc6 $1 Nxc6 16. Nd2 Be6 17. Nc4 {[#] And now Bxc6 would win.} Rfd8 18. Bxc6 bxc6 19. Na5 {b7 is the strong threat.} Bd5 20. Qc2 f4 $2 {[%mdl 8192] [#] Loses the game.} (20... c5 $16) 21. b7 $18 Rab8 22. Nxc6 Bxc6 23. Qxc6 Rd7 24. Qc8+ Rd8 25. Qc4+ Qf7 26. Rfc1 d5 27. Qc7 Qe6 28. Qe7 Qh3 29. Rc7 {[%csl Gc7][%cal Re7g7]} Bf8 {Accuracy: White = 84%, Black = 50%.} 1-0

[Event "18th Aeroflot Open-A 2020"]
[Site "Moscow"]
[Date "2020.02.22"]
[Round "4.24"]
[White "Iljiushenok, Ilia"]
[Black "Rakhmanov, Aleksandr"]
[Result "0-1"]
[WhiteElo "2519"]
[BlackElo "2645"]
[Annotator "TA"]
[PlyCount "102"]
[EventDate "2020.02.19"]
[EventType "swiss"]
[EventCountry "RUS"]
[SourceTitle "playchess.com"]
[Source "ChessBase"]
[SourceQuality "1"]

{[%evp 11,102,32,32,15,27,14,23,18,27,21,41,12,23,-6,-3,-4,0,-117,-116,-140,-131,-145,-112,-169,-137,-140,-151,-138,-139,-141,-145,-145,-139,-146,-146,-142,-130,-122,-104,-116,-114,-125,-128,-134,-114,-134,-135,-140,-132,-133,-136,-138,-105,-125,-125,-116,-97,-96,-93,-101,-62,-92,-81,-92,-85,-93,-9,-14,0,0,0,-38,-38,-196,-195,-195,-195,-194,-194,-194,-51,-51,0,-172,-51,-51,-12,-22,0,-52,-14,-12833,-11281]} 1. e4 e5 2. Nf3 Nf6 3. Nxe5 d6 4. Nf3 Nxe4 5. Nc3 Nf6 6. d4 Be7 7. Bg5 {C42: Petroff Defence: 3 Nxe5 and unusual White 3rd moves.} h6 8. Bf4 a6 {[#]} 9. Bd3 $146 {White has an edge.} ({Predecessor:} 9. Qd2 Bf5 10. O-O-O Nbd7 11. Bd3 Bxd3 12. Qxd3 Nb6 13. d5 Qd7 14. b3 O-O-O 15. a4 {½-½ (101) Sethuraman,S (2673)-Bruzon Batista,L (2653) Saint Louis 2018}) 9... Be6 10. h3 Nbd7 11. Qe2 Nb6 12. O-O-O Qd7 13. Rhe1 O-O-O 14. Bxa6 (14. Kb1 $11 {remains equal.}) 14... bxa6 $17 15. Qxa6+ Kb8 16. d5 Nfxd5 17. Nxd5 (17. Nb5 $17) 17... Bxd5 18. Rxd5 Nxd5 19. Nd4 Nb4 ({Not} 19... Nxf4 $2 20. Rxe7 $1 {[%mdl 512]} Ne6 21. Rxd7 $18) 20. Qa5 {[#]} c5 $1 {Strongly threatening ...Kb7.} 21. Qb6+ (21. Qxc5 Nd3+) 21... Qb7 22. Qxb7+ Kxb7 23. Rxe7+ Kb6 {And now ...Nd5 would win.} 24. Nf5 Nd5 {[%mdl 64] Double Attack} 25. Re4 g6 26. Ne3 Kc6 27. Nxd5 Kxd5 {[%mdl 4096] Endgame KRR-KRB} 28. Re7 g5 29. Bd2 Ra8 30. a3 f5 31. Kd1 Rhe8 32. Rh7 Re6 33. g3 Rg6 34. Rf7 Ke6 35. Rc7 Rf6 36. Rh7 f4 37. gxf4 gxf4 38. Ke2 f3+ (38... Kd5 $17) 39. Kd3 $11 Ra4 {Threatens to win with ...Rd4+.} 40. c4 d5 41. cxd5+ Kxd5 42. Rxh6 $2 (42. Bxh6 $15 Rd4+ 43. Kc3) 42... Rd4+ $1 $19 43. Kc3 Rxh6 44. Bxh6 {KR-KB} Re4 $1 {[%cal Re4e2] White must now prevent ...Re2.} 45. Bg5 Re5 ({Black should play} 45... Ke6 $1 $19 {aiming for ...Kf5.} 46. Kb3 Kf5) 46. Bf4 $15 Re4 (46... Re1 $15) 47. Bg5 $19 {[#]} Re1 (47... Ke6 $1 $19 {Hoping for ...Kf5.} 48. a4 Rxa4) 48. Bf4 $15 Ke4 {[%mdl 1024] Black has compensation.} 49. Bd6 Kd5 50. Bf4 c4 51. Bc7 $2 {[%mdl 8192] [#]} (51. a4 $11) 51... Re3+ $1 {[%mdl 576] Promotion. Accuracy: White = 68%, Black = 70%.} 0-1

[Event "18th Aeroflot Open-A 2020"]
[Site "Moscow"]
[Date "2020.02.22"]
[Round "4.25"]
[White "Abdusattorov, Nodirbek"]
[Black "Stupak, Kirill"]
[Result "1-0"]
[WhiteElo "2644"]
[BlackElo "2518"]
[Annotator "TA"]
[PlyCount "59"]
[EventDate "2020.02.19"]
[EventType "swiss"]
[EventCountry "RUS"]
[SourceTitle "playchess.com"]
[Source "ChessBase"]
[SourceQuality "1"]

{[%evp 9,59,28,28,31,69,68,91,81,103,96,129,122,190,193,187,191,193,167,177,169,176,158,191,41,233,228,237,228,216,216,213,231,230,220,213,227,210,235,245,270,232,254,506,485,506,506,505,506,506,498,423,416]} 1. e4 e6 2. d4 d5 3. Nc3 Nc6 4. e5 f6 5. Nf3 fxe5 6. dxe5 {C10: French with 3 Nc3: Unusual Black 3rd moves and 3...dxe4.} g6 7. h4 Bg7 8. Bb5 {White is better.} Bd7 9. Bg5 {[#]} Nce7 $146 ({Predecessor:} 9... Nge7 10. Bxc6 Bxc6 11. Qd3 Qd7 12. O-O-O O-O-O 13. h5 gxh5 14. Rxh5 h6 15. Bf4 Rdf8 {0-1 (38) Preusser,R (2066)-Babula,M (2349) Passau 1999}) 10. Bd3 $1 c6 (10... a6 $16 {keeps fighting.}) 11. h5 $1 $18 Qc7 12. hxg6 h6 13. Bh4 O-O-O 14. O-O c5 15. b3 Rf8 {[#]} 16. Bg3 (16. a4 $1 $18) 16... Nf5 $2 {Black cannot hold the game after this.} (16... h5 $14) 17. Bxf5 $1 Rxf5 18. Nh4 Rg5 {[#]} 19. Nxd5 $1 exd5 {[#]} 20. e6 $1 {[%mdl 576] Discovered Attack} Qc6 (20... Bxe6 21. Bxc7) 21. exd7+ Qxd7 22. Qf3 Ne7 23. Rae1 Rf8 24. Qe3 {[%mdl 64] Double Attack} Nc6 {With the idea ...Bd4.} 25. Qxc5 Rxg3 $2 (25... Rd8) 26. fxg3 {White is clearly winning.} Bd4+ 27. Qxd4 $1 Rxf1+ 28. Rxf1 {And now Qh8+ would win.} Nxd4 29. Rf8+ Kc7 {Hoping for ...Qg4.} 30. Rf7 {Accuracy: White = 89%, Black = 52%.} 1-0

[Event "18th Aeroflot Open-A 2020"]
[Site "Moscow"]
[Date "2020.02.22"]
[Round "4.26"]
[White "Shtembuliak, Evgeny"]
[Black "Murzin, Volodar"]
[Result "1/2-1/2"]
[WhiteElo "2628"]
[BlackElo "2442"]
[Annotator "TA"]
[PlyCount "86"]
[EventDate "2020.02.19"]
[EventType "swiss"]
[EventCountry "RUS"]
[SourceTitle "playchess.com"]
[Source "ChessBase"]
[SourceQuality "1"]

{[%evp 9,86,22,22,20,23,29,24,25,13,20,20,18,31,7,4,0,12,-5,-10,-12,-12,-10,-6,-28,0,-8,0,-3,0,-22,-13,-31,-18,-26,-28,-30,-30,-39,-44,-58,-60,-55,-53,-86,-50,-72,-42,-46,-43,-50,-25,-28,-29,-78,-20,-29,-41,-33,0,-17,-8,-22,0,-5,-9,-7,-6,-14,-14,-14,-17,-22,-13,-13,0,0,0,0,0]} 1. d4 d5 2. c4 e6 3. Nc3 a6 4. cxd5 exd5 5. Nf3 c6 6. Bf4 {D31: Queen's Gambit Declined: Semi-Slav without ...Nf6 (+ Marshall Gambit and Noteboom) and Exchange Variation lines without ...Nf6.} Bd6 7. Bxd6 Qxd6 8. e4 {White has an edge.} dxe4 9. Nxe4 Qe7 {[#] Threatens to win with ...Nf6.} 10. Qe2 $1 {[#]} Nd7 $146 ({Predecessor:} 10... Nh6 11. Nd6+ Kd8 12. Nxc8 Qb4+ 13. Qd2 Re8+ 14. Ne5 Qxd2+ 15. Kxd2 Kxc8 16. Bc4 f6 {½-½ (53) Navara,D (2742)-Hammer,J (2651) Novy Bor 2016}) 11. Nd6+ Kf8 $132 {[%mdl 2048] Black is fighting back} 12. Qxe7+ Kxe7 13. Nxc8+ (13. Nf5+ {is interesting.} Kf6 14. Bd3 Nb6 15. Nd6 Ke7 16. Nc4) 13... Rxc8 14. Bc4 Nb6 15. Bb3 Nf6 16. O-O-O Rhe8 17. Ne5 Nfd5 18. Rhe1 Kf8 19. Nd3 Red8 20. g3 Rc7 21. a3 Nf6 22. Ne5 Nc8 23. Bc2 Nd6 24. Bd3 Nb5 25. Bxb5 axb5 26. Nf3 Nd5 27. Kc2 f6 28. Nd2 Kf7 29. Ne4 Re7 30. Nc5 b6 31. Nb3 Ke8 (31... Red7 $17) 32. Nd2 Rxe1 33. Rxe1+ $11 {[%mdl 4096] Endgame KRN-KRN} Kd7 34. Nf1 {The position is equal.} Ra8 35. Ne3 Nxe3+ 36. Rxe3 {KR-KR} Ra4 37. Kd3 b4 38. axb4 Rxb4 39. Kc3 Ra4 40. Re1 b5 41. h4 Rc4+ 42. Kd3 {Hoping for b3.} Rb4 43. Kc3 Rc4+ {Accuracy: White = 94%, Black = 88%.} 1/2-1/2

[Event "18th Aeroflot Open-A 2020"]
[Site "Moscow"]
[Date "2020.02.22"]
[Round "4.27"]
[White "Salgado Lopez, Ivan"]
[Black "Vignesh N R"]
[Result "1/2-1/2"]
[WhiteElo "2597"]
[BlackElo "2436"]
[Annotator "TA"]
[PlyCount "107"]
[EventDate "2020.02.19"]
[EventType "swiss"]
[EventCountry "RUS"]
[SourceTitle "playchess.com"]
[Source "ChessBase"]
[SourceQuality "1"]

{[%evp 15,107,0,15,0,-6,-13,19,0,13,15,12,-4,0,-30,-25,-34,0,-7,0,0,0,0,0,0,25,31,27,2,90,44,39,35,34,34,35,36,45,52,46,39,44,33,54,33,40,33,42,28,38,39,36,33,38,19,22,25,40,22,22,22,66,66,96,75,110,110,110,110,110,110,110,110,112,112,139,86,90,90,102,28,96,0,0,0,0,0,0,0,0,0,47,0,0,0]} 1. g3 d5 2. Nf3 Nf6 3. Bg2 c6 4. O-O Bf5 5. c4 e6 6. cxd5 exd5 7. d3 Be7 8. Nc3 O-O 9. Nh4 {A11: English Opening: 1...c6.} Be6 10. e4 dxe4 11. dxe4 Qxd1 12. Rxd1 Na6 13. h3 Rfd8 14. Nf5 Rxd1+ 15. Nxd1 Bxf5 16. exf5 Rd8 17. Nc3 Nb4 18. Rb1 Bc5 19. Bg5 Nd3 20. Ne4 Be7 21. b4 Nxb4 (21... Nxe4 $11 {remains equal.} 22. Bxe7 Rd4) 22. Bxf6 gxf6 23. a3 Nd5 24. Rxb7 Bxa3 25. Rxa7 Bf8 26. Bf3 Kg7 27. Bh5 Be7 28. Rb7 Ra8 29. Bf3 Kf8 30. h4 Ra2 31. Kf1 h6 32. Bd1 Ra1 33. Ke2 Ra2+ 34. Kd3 Nb4+ 35. Kc3 Ra1 36. Bb3 {Threatens to win with Rb8+.} Nd5+ 37. Kd2 Ra8 38. Ke2 Rd8 39. Bc4 Ra8 40. Bxd5 cxd5 $16 {[%mdl 4096] Endgame KRB-KRN} 41. Nc3 Bc5 42. Rb5 $1 {[%cal Rb5c5]} (42. Nxd5 $6 Ra2+ 43. Kf3 Rxf2+ 44. Ke4 Re2+ 45. Kd3 Rg2 $11) 42... Bd4 43. Nd1 $1 ({Much weaker is} 43. Nxd5 $6 Ra2+ 44. Kf3 Rxf2+ 45. Kg4 Be5 $11) 43... Re8+ 44. Kd3 Re1 45. Kd2 (45. Rxd5 $142 {And now Kd2 would win.} Ba7 46. Kd2) 45... Re5 46. f4 $1 {[%cal Rf4e5]} Re4 {[#]} 47. Rxd5 (47. h5 $1 $16) 47... Kg7 {[#]} (47... h5 $1 $11 {keeps the balance.}) 48. Kd3 (48. h5 $1 $16) 48... Re1 $11 49. Rxd4 (49. Kxd4 {is interesting.} Rxd1+ 50. Kc4 Rc1+ 51. Kb4 Rb1+ 52. Kc3) 49... Rxd1+ 50. Ke3 Rh1 51. Kf3 h5 $1 52. Rd3 Rf1+ 53. Kg2 Ra1 54. Rd5 {Accuracy: White = 81%, Black = 72%.} 1/2-1/2

[Event "18th Aeroflot Open-A 2020"]
[Site "Moscow"]
[Date "2020.02.22"]
[Round "4.28"]
[White "Wagner, Dennis"]
[Black "Mendonca, Leon Luke"]
[Result "1/2-1/2"]
[WhiteElo "2590"]
[BlackElo "2418"]
[Annotator "TA"]
[PlyCount "137"]
[EventDate "2020.02.19"]
[EventType "swiss"]
[EventCountry "RUS"]
[SourceTitle "playchess.com"]
[Source "ChessBase"]
[SourceQuality "1"]

{[%evp 9,137,25,13,2,12,2,20,26,22,22,29,20,27,30,33,37,39,29,25,33,37,21,27,26,48,45,47,46,47,47,48,47,47,47,47,47,47,47,47,59,59,59,59,59,59,59,59,59,59,59,59,59,61,59,65,57,75,75,75,68,75,64,75,75,75,75,75,75,75,75,75,75,75,75,75,75,75,75,75,75,75,63,63,63,63,63,63,63,63,63,63,63,63,63,63,63,63,63,63,63,63,63,63,63,63,63,63,63,63,63,63,63,63,63,63,63,63,58,63,63,63,63,63,49,49,49,49,0,49,0]} 1. Nf3 Nf6 2. c4 e6 3. Nc3 d5 4. d4 dxc4 5. e4 Bb4 6. Bxc4 {D24: Queen's Gambit Accepted: 3 Nf3 Nf6 4 Nc3.} Nxe4 7. O-O Nf6 8. Qa4+ {The position is equal.} Nc6 9. Ne5 Rb8 10. d5 exd5 11. Nxc6 bxc6 {[#]} 12. Nxd5 $1 {[%mdl 576] Decoy} Nxd5 13. Qxc6+ {[%mdl 64] [#] Double Attack} Bd7 $146 ({Predecessor:} 13... Qd7 14. Qxd5 O-O 15. Qxd7 Bxd7 16. Rd1 Bg4 17. f3 Bc5+ 18. Kf1 Be6 19. Bxe6 fxe6 {½-½ (31) Mamedyarov,S (2817)-Caruana,F (2832) Germany 2019}) 14. Qxd5 {[%csl Gc4][%cal Rd5f7]} O-O $1 15. Bf4 Bd6 16. Bxd6 Be6 17. Qe4 Bxc4 18. Bxf8 Bxf1 19. Bc5 Bd3 20. Qe5 a6 21. Rd1 {Qc3 is the strong threat.} Qe8 22. Bd4 {[%csl Gd4][%cal Re5g7]} Qxe5 23. Bxe5 $14 {[%mdl 4096] Endgame KRB-KRB} Bc2 24. Rc1 Rd8 25. Bxc7 Rd1+ 26. Rxd1 Bxd1 {KB-KB} 27. Kf1 Kf8 28. Ke1 Bg4 29. Kd2 Ke7 30. Kc3 Kd7 31. Be5 g6 32. Kd4 h5 33. Kc5 Be2 34. Bf4 Bf1 35. Kb6 Kc8 36. a4 Be2 37. b4 Bf1 38. Bd2 Be2 39. b5 axb5 40. axb5 Bf1 {[#]} 41. g3 $1 Be2 42. Kc6 Bf3+ 43. Kd6 Kb7 44. Be3 Be4 45. Ke7 Bd5 $1 46. Kf6 Bc4 47. b6 Bd5 48. Kg5 Bf3 49. Kf4 Be2 50. Ke4 Bd1 51. f3 Be2 52. Kf4 Bd1 53. g4 Kc6 54. Kg3 Kb7 55. gxh5 gxh5 56. f4 Kc6 57. Kh4 Kb7 58. Kg5 Kc6 59. Kf6 Bb3 60. f5 Kb7 61. Kg5 Bd1 62. Kh6 Be2 63. Kg7 Bc4 64. h4 Bb3 65. Kh6 Bd1 66. f6 Be2 67. Kg7 Bc4 68. Kh6 Be2 69. Kg7 {Accuracy: White = 98%, Black = 100%.} 1/2-1/2